00742 2200277 4500001002100000005001500021035002000036245010600056100001800162250001000180300002000190700001800210260003100228082000800259084001400267020002100281650000900302008004100311990001600352990001600368990001600384990001600400990001600416990001600432990001600448INLIS00000000000043020230814090729 a0010-08230000841 aPemikiran-pemikiran yang membentuk dunia modern :bdari Machiavelli sampai Nietzsche /cBudi Hardiman0 aBudi Hardiman aCet.1 a270 hlm :bilus0 aRikard Rahmat aJakarta :bErlangga,c2011 a305 a305 BUD p a978-97-099-168-2 4aUmum230814 g 0 ind  a00000001025 a00000001026 a00000001027 a00000001028 a00000001029 a00000001027 a00000001028